000 00834 a2200217 4500
005 20080917111525.0
008 080917t xxu||||| |||| 00| 0 eng d
010 _aENG-87782
020 _a8178802163
_c800.00
035 _aEN-71315
037 _bDBAD / PUB
082 _a371.40711
100 _aSaxena, Alka
245 _aCounselling in colleges
_cby Alka Saxena
260 _aNew Delhi
_bRajat Publications
_c2006
270 _a4675/21, Ansari Road, Daryaganj
_bNew Delhi
_e110002
300 _aV, 311 p.
_c22 cm ( Hb.)
500 _aIncludes bibliograpgical references and index
942 _adpl
_cEN
_k371.40711/SAX
_2ddc
_h371.40711
_mSAX
999 _c6980
_d6980